000 00825nam a22002417a 4500
003 UA-OsUOA
001 116862
007 ta
008 20160413b un ||||| |||| 00| 0 ukr d
100 _aШпорлюк Р.
090 _a323.1(091)(4)
_bШ84
942 _cBK
040 _aUA-OsUOA
_bukr
_cUA-OsUOA
_dUA-OsUOA
245 _aІмперія та нації: з історичного досвіду України, Росії, Польщі та Білорусі
_bспільний видавничий проект телеканалу "1+1" та видавництва "Дух і Літера"
300 _a354 с.
955 _a1
041 _aukr
080 _a323.1(091)(4)
020 _a966-7888-05-3
260 _aК.
_bДух і Літера
_c2000
650 7 _a32 Політика
_2UDC
999 _c402804
_d402804